[Event "TUR-chT 1st League"]
[Site "Ankara"]
[Date "2025.07.19"]
[Round "8.55"]
[White "Ozcan, Kadir Kutay"]
[Black "Abdulov, Orkhan Javanshir"]
[Result "0-1"]
[WhiteElo "1917"]
[BlackElo "2373"]
[PlyCount "74"]
[EventDate "2025.07.14"]
[EventType "team-swiss"]
[EventRounds "9"]
[EventCountry "TUR"]
[SourceTitle "CB30_2025"]
[SourceDate "2025.07.23"]
[SourceVersion "1"]
[SourceVersionDate "2025.07.23"]
[SourceQuality "1"]
[WhiteTeam "Mercan Sanat"]
[BlackTeam "Karaman Futbol"]
[WhiteTeamCountry "TUR"]
[BlackTeamCountry "TUR"]

1. e4 e5 2. f4 exf4 3. Bc4 Nc6 4. d4 Nf6 5. e5 d5 6. Bb3 Ne4 7. Bxf4 Be6 8. Nf3 g5 9. Be3 g4 10. Nfd2 Bh6 11. Nxe4 dxe4 12. Bxe6 Bxe3 13. Bxf7+ Kxf7 14. Qxg4 Qg5 15. Qxe4 Bxd4 16. Rf1+ Ke7 17. Rf5 Qe3+ 18. Qxe3 Bxe3 19. Nc3 Rad8 20. Rd1 Ke6 21. Rf6+ Kxe5 22. Rf7 Bb6 23. Nb5 Rxd1+ 24. Kxd1 Ke6 25. Rg7 Rd8+ 26. Ke1 Rd7 27. Rg8 a6 28. Na3 Bc5 29. Nc4 b5 30. Nd2 Nb4 31. Ne4 Nxc2+ 32. Ke2 Nd4+ 33. Ke3 Be7 34. Ra8 Ke5 35. Rxa6 Nf5+ 36. Kf3 Rd3+ 37. Ke2 Re3+ 0-1

[Event "TUR-chT 1st League"]
[Site "Ankara"]
[Date "2025.07.18"]
[Round "6.68"]
[White "Ozmen, Mustafa Lutfi Poyra"]
[Black "Ozcan, Kadir Kutay"]
[Result "1-0"]
[WhiteElo "1966"]
[BlackElo "1917"]
[PlyCount "51"]
[EventDate "2025.07.14"]
[EventType "team-swiss"]
[EventRounds "9"]
[EventCountry "TUR"]
[SourceTitle "CB30_2025"]
[SourceDate "2025.07.23"]
[SourceVersion "1"]
[SourceVersionDate "2025.07.23"]
[SourceQuality "1"]
[WhiteTeam "Yalova Belediye"]
[BlackTeam "Mercan Sanat"]
[WhiteTeamCountry "TUR"]
[BlackTeamCountry "TUR"]

1. d4 Nf6 2. Nf3 c5 3. d5 e6 4. Nc3 exd5 5. Nxd5 Nxd5 6. Qxd5 Be7 7. Bf4 Qa5+ 8. c3 0-0 9. e3 Nc6 10. Bd3 d6 11. Qh5 h6 12. Bc4 Be6 13. Bxe6 fxe6 14. Bxh6 Bf6 15. Qg4 Qa6 16. Qxe6+ Kh7 17. Bf4 Rfe8 18. Qd5 Rad8 19. h4 Ne5 20. Ng5+ Bxg5 21. hxg5+ Kg6 22. 0-0-0 Nc4 23. Qd3+ Kf7 24. Qf5+ Ke7 25. g6 Rf8 26. Bg5+ 1-0

[Event "TUR-chT 1st League"]
[Site "Ankara"]
[Date "2025.07.14"]
[Round "1.49"]
[White "Ibrahimli, Murad Sultanali"]
[Black "Ozcan, Kadir Kutay"]
[Result "1-0"]
[WhiteElo "2438"]
[BlackElo "1917"]
[PlyCount "131"]
[EventDate "2025.07.14"]
[EventType "team-swiss"]
[EventRounds "9"]
[EventCountry "TUR"]
[SourceTitle "CB30_2025"]
[SourceDate "2025.07.23"]
[SourceVersion "1"]
[SourceVersionDate "2025.07.23"]
[SourceQuality "1"]
[WhiteTeam "Guzelbahce Satranc"]
[BlackTeam "Mercan Sanat"]
[WhiteTeamCountry "TUR"]
[BlackTeamCountry "TUR"]

1. Nf3 Nf6 2. c4 e6 3. Nc3 d5 4. d4 Be7 5. Bf4 c6 6. e3 0-0 7. Bd3 Nbd7 8. cxd5 exd5 9. h3 Re8 10. 0-0 Nf8 11. Qc2 Ng6 12. Bh2 Bd6 13. Bxd6 Qxd6 14. Rfe1 Bd7 15. Rab1 c5 16. dxc5 Qxc5 17. Qb3 Bc6 18. Rbc1 Qa5 19. Nd4 Ne5 20. Bb1 Rad8 21. Red1 g6 22. a3 Kg7 23. Ba2 Re7 24. Qb4 Qxb4 25. axb4 a6 26. f3 Ned7 27. Kf2 Rde8 28. Re1 Ne5 29. Red1 Ned7 30. Rd3 Ne5 31. Rd2 Ned7 32. Nc2 Nb6 33. g4 h6 34. Re1 Ba4 35. Nd4 Bc6 36. h4 Re5 37. Bb3 Kg8 38. Rde2 Kg7 39. Rg1 R5e7 40. g5 hxg5 41. hxg5 Nfd7 42. f4 Rh8 43. Kg3 Rhe8 44. Rge1 Rh8 45. Ra1 Nb8 46. Rae1 N8d7 47. Rh2 Rxh2 48. Kxh2 Re8 49. Kg3 Nf8 50. Kf2 Nfd7 51. Nf3 Nf8 52. Rd1 Rc8 53. Ne5 Ne6 54. Nxd5 Bxd5 55. Bxd5 Nxd5 56. Rxd5 Rc2+ 57. Kf3 Nf8 58. Rc5 Rxb2 59. Rc7 Rxb4 60. Rxf7+ Kg8 61. Re7 a5 62. Ng4 Nh7 63. Nh6+ Kf8 64. Rxh7 a4 65. f5 Rb5 66. f6 1-0

[Event "Bitlis Betav op 1st"]
[Site "Bitlis"]
[Date "2024.09.03"]
[Round "2"]
[White "Ozcan, Kadir Kutay"]
[Black "Moradi, Behrooz"]
[Result "1-0"]
[WhiteElo "1854"]
[BlackElo "2206"]
[PlyCount "79"]
[EventDate "2024.09.02"]
[EventType "swiss"]
[EventRounds "9"]
[EventCountry "TUR"]
[SourceTitle "EXT 2025"]
[Source "ChessBase"]
[SourceDate "2024.10.14"]
[SourceVersion "1"]
[SourceVersionDate "2024.10.14"]
[SourceQuality "1"]

1. e4 c5 2. Nf3 e6 3. d4 cxd4 4. Nxd4 Nf6 5. Nc3 d6 6. g4 h6 7. Rg1 Nc6 8. Be3 a6 9. h4 h5 10. gxh5 Nxh5 11. Qd2 Bd7 12. 0-0-0 Nf6 13. f4 Rxh4 14. Nf3 Rh5 15. e5 dxe5 16. fxe5 Nxe5 17. Nxe5 Rxe5 18. Bd4 Qc7 19. Bxe5 Qxe5 20. Rg5 Qc7 21. Kb1 0-0-0 22. Qf2 Kb8 23. Qd4 Rc8 24. Bg2 Bc6 25. Bxc6 Qxc6 26. Rg3 Ka8 27. Rgd3 Be7 28. Qa4 g5 29. Qxc6 Rxc6 30. Rg1 g4 31. a3 Kb8 32. b4 Kc7 33. Kb2 Rd6 34. Re3 Rd4 35. Rf1 Kd7 36. Ne2 Rd5 37. c4 Rg5 38. Kb3 e5 39. Rd1+ Ke6 40. Nd4+ 1-0

[Event "TUR-chT 2nd League"]
[Site "Denizli"]
[Date "2023.07.14"]
[Round "8.162"]
[White "Ozcan, Kadir Kutay"]
[Black "Tahaoglu, Erkin"]
[Result "1/2-1/2"]
[WhiteElo "1845"]
[BlackElo "1777"]
[PlyCount "80"]
[EventDate "2023.07.09"]
[EventType "team-swiss"]
[EventRounds "9"]
[EventCountry "TUR"]
[SourceTitle "CBM 215 Extra"]
[Source "ChessBase"]
[SourceDate "2023.09.30"]
[SourceVersion "1"]
[SourceVersionDate "2023.09.30"]
[SourceQuality "1"]
[WhiteTeam "Hayat"]
[BlackTeam "Marmara Universitesi"]
[WhiteTeamCountry "TUR"]
[BlackTeamCountry "TUR"]

1. e4 c5 2. Nf3 Nc6 3. d4 cxd4 4. Nxd4 Nf6 5. Nc3 e5 6. Ndb5 d6 7. Bg5 a6 8. Na3 b5 9. Nd5 Be7 10. Bxf6 Bxf6 11. c4 b4 12. Nc2 0-0 13. g3 a5 14. Bg2 Be6 15. Nce3 Bg5 16. h4 Bxe3 17. Nxe3 Qb6 18. 0-0 Nd4 19. Kh2 b3 20. f4 f6 21. Qd3 bxa2 22. Rxa2 Qb3 23. Qxb3 Nxb3 24. Rd1 Nd4 25. Bh3 Bf7 26. Rd3 Rfb8 27. Rda3 g6 28. Nd5 Bxd5 29. exd5 Nb3 30. fxe5 fxe5 31. Bd7 Ra7 32. Bb5 Nd4 33. Rxa5 Rab7 34. Ra6 Nxb5 35. cxb5 Rxb5 36. Rxd6 Rxb2+ 37. Rxb2 Rxb2+ 38. Kh3 e4 39. Re6 Rd2 40. Rxe4 Rxd5 1/2-1/2

[Event "TUR Cup"]
[Site "Adapazari"]
[Date "2022.03.29"]
[Round "7"]
[White "Kilic, Nurullah"]
[Black "Ozcan, Kadir Kutay"]
[Result "0-1"]
[WhiteElo "1171"]
[BlackElo "1840"]
[PlyCount "122"]
[EventDate "2022.03.25"]
[EventType "swiss"]
[EventRounds "11"]
[EventCountry "TUR"]
[SourceTitle "EXT 2023"]
[Source "ChessBase"]
[SourceDate "2022.10.05"]
[SourceVersion "1"]
[SourceVersionDate "2022.10.05"]
[SourceQuality "1"]

1. e4 c5 2. Nf3 d6 3. d4 cxd4 4. Nxd4 Nf6 5. Nc3 g6 6. Be3 a6 7. Be2 Bg7 8. Qd2 h5 9. h3 Nbd7 10. Nb3 b5 11. f3 Bb7 12. a3 Rc8 13. 0-0 Ne5 14. Rad1 0-0 15. Bd4 Nc4 16. Bxc4 Rxc4 17. Qe3 Qa8 18. Na5 Rcc8 19. e5 dxe5 20. Bxe5 Rfd8 21. Qb6 Bd5 22. Bxf6 Bxf6 23. Nxd5 Rxd5 24. c3 Rcd8 25. Rxd5 Rxd5 26. Qc6 Qa7+ 27. Kh1 Rd2 28. Nb7 Kg7 29. b4 Qe3 30. Nc5 Be5 31. Qe4 Qxe4 32. fxe4 Ra2 33. Nxa6 Rxa3 34. Nc5 Bxc3 35. Rb1 Ra1 36. Rxa1 Bxa1 37. g3 Bc3 38. Nd3 f5 39. exf5 gxf5 40. Nf4 Bxb4 41. Ne6+ Kf6 42. Nc7 Bd6 43. Nxb5 Bxg3 44. Kg2 h4 45. Nc3 Be1 46. Nd5+ Kf7 47. Kf3 e5 48. Ne3 Ke6 49. Ng2 e4+ 50. Ke2 Bg3 51. Ne3 Bf4 52. Nc4 Bg5 53. Kf2 f4 54. Nb2 Kd5 55. Nd1 Bf6 56. Ke2 Bd4 57. Kf1 Kc4 58. Ke2 Kb3 59. Kd2 f3 60. Ke1 Kc2 61. Nf2 Bxf2+ 0-1

[Event "TUR Cup"]
[Site "Adapazari"]
[Date "2022.03.26"]
[Round "2"]
[White "Ozcan, Kadir Kutay"]
[Black "Er, Mira"]
[Result "1-0"]
[WhiteElo "1840"]
[BlackElo "1415"]
[PlyCount "58"]
[EventDate "2022.03.25"]
[EventType "swiss"]
[EventRounds "11"]
[EventCountry "TUR"]
[SourceTitle "EXT 2023"]
[Source "ChessBase"]
[SourceDate "2022.10.05"]
[SourceVersion "1"]
[SourceVersionDate "2022.10.05"]
[SourceQuality "1"]

1. e4 d5 2. exd5 Qxd5 3. Nc3 Qd6 4. Nf3 Nf6 5. Nb5 Qb6 6. d4 c6 7. Nc3 Bg4 8. Be2 e6 9. 0-0 Bd6 10. h3 Bh5 11. Be3 Qc7 12. Qd2 0-0 13. Rad1 Nbd7 14. Ng5 Bxe2 15. Qxe2 Nb6 16. Nce4 Nxe4 17. Nxe4 Nd5 18. c4 Nf4 19. Bxf4 Bxf4 20. Rd3 Rad8 21. Rfd1 f5 22. Nc3 e5 23. dxe5 Bxe5 24. Qf3 Qe7 25. g3 g6 26. Kg2 Rfe8 27. R1d2 Bxc3 28. bxc3 Qe5 29. Re3 Qc5 1-0

[Event "TUR Cup"]
[Site "Antalya"]
[Date "2019.01.31"]
[Round "7"]
[White "Cilek, Bora"]
[Black "Ozcan, Kadir Kutay"]
[Result "1/2-1/2"]
[WhiteElo "1907"]
[BlackElo "1794"]
[PlyCount "155"]
[EventDate "2019.01.27"]
[EventType "swiss"]
[EventRounds "11"]
[EventCountry "TUR"]
[SourceTitle "CBM 188 Extra"]
[Source "ChessBase"]
[SourceDate "2019.02.28"]
[SourceVersion "1"]
[SourceVersionDate "2019.02.28"]
[SourceQuality "1"]

1. d4 Nf6 2. Bf4 b6 3. Nf3 e6 4. e3 Ba6 5. Bxa6 Nxa6 6. Qe2 Nb8 7. e4 d5 8. Nbd2 Be7 9. 0-0 0-0 10. c4 dxe4 11. Nxe4 Nbd7 12. Nc3 c6 13. Rad1 Re8 14. Qc2 Qc8 15. Qb1 Nf8 16. Ne5 Ng6 17. Nxg6 hxg6 18. Rfe1 Bb4 19. Re3 Qa6 20. b3 Bxc3 21. Rxc3 Rad8 22. Bg5 Qa5 23. Rg3 Nh5 24. Bxd8 Nxg3 25. Bxb6 Ne2+ 26. Kf1 axb6 27. Kxe2 Qh5+ 28. Kf1 Qxh2 29. Qe4 Qd6 30. a4 f5 31. Qe5 Qa3 32. Qg3 Kf8 33. Re1 Qb4 34. Re3 b5 35. axb5 cxb5 36. Qc7 bxc4 37. bxc4 Qb1+ 38. Re1 Qd3+ 39. Kg1 Qxd4 40. c5 Re7 41. Qb6 Kf7 42. Rb1 Kf6 43. Qa5 Qe5 44. Re1 Qd5 45. Rb1 Qe5 46. Qb6 Qd4 47. Re1 g5 48. Qb8 Qc3 49. Re3 Qa1+ 50. Kh2 Qa7 51. Qd6 Kf7 52. g3 Qd7 53. Qa6 Qd2 54. Re2 Qd5 55. Qa3 Re8 56. f3 Rh8+ 57. Kg2 g4 58. Rf2 Qd1 59. Rf1 gxf3+ 60. Qxf3 Qxf3+ 61. Kxf3 Rc8 62. Rc1 Rc6 63. g4 Kf6 64. gxf5 exf5 65. Ke3 Ke5 66. Rg1 g6 67. Rc1 Kd5 68. Kf4 Rxc5 69. Rd1+ Ke6 70. Kg5 Rd5 71. Ra1 Rd4 72. Kxg6 Rg4+ 73. Kh5 Rg2 74. Ra6+ Ke5 75. Ra5+ Kf4 76. Ra4+ Kg3 77. Ra3+ Kh2 78. Rf3 1/2-1/2

[Event "TUR Cup"]
[Site "Antalya"]
[Date "2019.01.28"]
[Round "2"]
[White "Ozcan, Kadir Kutay"]
[Black "Kizilkus, Akin"]
[Result "0-1"]
[WhiteElo "1794"]
[BlackElo "2100"]
[PlyCount "42"]
[EventDate "2019.01.27"]
[EventType "swiss"]
[EventRounds "11"]
[EventCountry "TUR"]
[SourceTitle "CBM 188 Extra"]
[Source "ChessBase"]
[SourceDate "2019.02.28"]
[SourceVersion "1"]
[SourceVersionDate "2019.02.28"]
[SourceQuality "1"]

1. e4 e6 2. b3 d5 3. Bb2 Nf6 4. Nc3 d4 5. Nce2 Nc6 6. Ng3 Bc5 7. Nf3 h5 8. Bd3 h4 9. Ne2 e5 10. h3 Qe7 11. c3 dxc3 12. dxc3 Be6 13. Qc2 0-0-0 14. Bb5 Bxf2+ 15. Kxf2 Qc5+ 16. Kf1 Qxb5 17. c4 Qc5 18. Nc3 Nb4 19. Qe2 Nh5 20. Na4 Ng3+ 21. Ke1 Nc2+ 0-1

[Event "TUR-chT2"]
[Site "Konya"]
[Date "2018.07.14"]
[Round "7.8"]
[White "Gallevci, Yagiz"]
[Black "Ozcan, Kadir Kutay"]
[Result "1-0"]
[WhiteElo "1809"]
[BlackElo "1820"]
[PlyCount "121"]
[EventDate "2018.07.10"]
[EventType "team-swiss"]
[EventRounds "9"]
[EventCountry "TUR"]
[SourceTitle "EXT 2019"]
[Source "ChessBase"]
[SourceDate "2018.10.10"]
[SourceVersion "1"]
[SourceVersionDate "2018.10.10"]
[SourceQuality "1"]
[WhiteTeam "Burhaniye"]
[BlackTeam "Mercan Egitim"]
[WhiteTeamCountry "TUR"]
[BlackTeamCountry "TUR"]

1. d4 Nf6 2. Bf4 e6 3. e3 c5 4. c3 Qb6 5. Qb3 Nc6 6. Na3 Nd5 7. Bg3 cxd4 8. exd4 Be7 9. Nc4 Qd8 10. Nd6+ Bxd6 11. Bxd6 Qb6 12. Bd3 Qxb3 13. axb3 b6 14. Kd2 f6 15. Ne2 Bb7 16. Ba6 Bxa6 17. Rxa6 Nde7 18. b4 Nf5 19. Bg3 b5 20. Nc1 h5 21. h3 Rh6 22. Bf4 g5 23. Bg3 Nxg3 24. fxg3 Ke7 25. Nd3 h4 26. g4 Rhh8 27. Re1 Kd6 28. Nc5 f5 29. gxf5 exf5 30. Re5 Rhf8 31. Nd3 Kc7 32. Rxb5 d6 33. Nc5 Nd8 34. Nb3 Nc6 35. Na5 Nd8 36. Nc4 Nb7 37. d5 Rfb8 38. Na5 Nxa5 39. Rbxa5 Rb7 40. Rc6+ Kd7 41. Raa6 Re8 42. Rxd6+ Kc7 43. Rg6 Rd8 44. Rac6+ Kb8 45. Rcd6 Rxd6 46. Rxd6 g4 47. Rf6 gxh3 48. gxh3 Rg7 49. Kd3 Rg3+ 50. Kd4 Rxh3 51. Rxf5 Rh2 52. Rh5 h3 53. Kc5 Rxb2 54. Kc6 a5 55. bxa5 Ka7 56. Rh7+ Ka6 57. d6 Rc2 58. Rxh3 Kxa5 59. d7 Rd2 60. Rh5+ Ka6 61. Rd5 1-0

[Event "TUR Cup										"]
[Site "Antalya"]
[Date "2018.01.29"]
[Round "4"]
[White "Ozcan, Kadir Kutay"]
[Black "Duman, Mehmet Cemil"]
[Result "1-0"]
[WhiteElo "1829"]
[BlackElo "1400"]
[PlyCount "125"]
[EventDate "2018.01.27"]
[EventType "swiss"]
[EventRounds "11"]
[EventCountry "TUR"]
[SourceTitle "CBM 182 Extra"]
[Source "ChessBase"]
[SourceDate "2018.02.23"]
[SourceVersion "1"]
[SourceVersionDate "2018.02.23"]
[SourceQuality "1"]

1. e4 Nc6 2. Nf3 e5 3. c3 Nf6 4. d4 d6 5. Bd3 Bg4 6. d5 Ne7 7. h3 Bd7 8. Be3 a6 9. Nbd2 Ng6 10. Qe2 Nh5 11. g3 c5 12. dxc6 Bxc6 13. 0-0-0 Be7 14. Nh4 Nf6 15. Nf5 0-0 16. h4 Re8 17. h5 Nh8 18. g4 Nd7 19. g5 b5 20. Bc2 a5 21. g6 h6 22. Bxh6 Bf6 23. Nxd6 gxh6 24. gxf7+ Nxf7 25. Bb3 Re7 26. Qg4+ Bg5 27. Nxf7 Rxf7 28. Qf5 Qe7 29. Qg6+ Kf8 30. Qxc6 Rd8 31. Bxf7 Qxf7 32. Kb1 b4 33. cxb4 axb4 34. Nb3 Qe7 35. Qd6 Kf7 36. Rh3 Qxd6 37. Rxd6 Nf8 38. Rf3+ Kg8 39. Rxd8 Bxd8 40. Rd3 Bg5 41. Nc5 Kf7 42. a4 bxa3 43. Rf3+ Bf4 44. Rxa3 Nh7 45. Ra7+ Kg8 46. Nd3 Ng5 47. Nxf4 exf4 48. e5 f3 49. b4 Ne4 50. e6 Kf8 51. b5 Nc3+ 52. Kb2 Nxb5 53. Rf7+ Ke8 54. Rxf3 Ke7 55. Re3 Nd6 56. Kc3 Nb5+ 57. Kc4 Nd6+ 58. Kd5 Ne8 59. f4 Nf6+ 60. Kd4 Nxh5 61. Ke5 Ng7 62. f5 Ne8 63. Ra3 1-0

[Event "Cubuk op 3rd"]
[Site "Cubuk"]
[Date "2017.08.19"]
[Round "1"]
[White "Solodovnichenko, Yuri"]
[Black "Ozcan, Kadir Kutay"]
[Result "1-0"]
[WhiteElo "2586"]
[BlackElo "1840"]
[PlyCount "67"]
[EventDate "2017.08.19"]
[EventType "swiss"]
[EventRounds "9"]
[EventCountry "TUR"]
[SourceTitle "CBM 180 Extra"]
[Source "ChessBase"]
[SourceDate "2017.10.06"]
[SourceVersion "1"]
[SourceVersionDate "2017.10.06"]
[SourceQuality "1"]

1. e4 c5 2. Nf3 Nc6 3. Bb5 g6 4. 0-0 Bg7 5. Re1 e5 6. Bxc6 dxc6 7. d3 Ne7 8. Be3 Qd6 9. Nbd2 Be6 10. a3 0-0 11. Nc4 Bxc4 12. dxc4 Qe6 13. Bxc5 b6 14. Bxe7 Qxe7 15. Qe2 Rad8 16. Qe3 Rd7 17. a4 Qb4 18. b3 Rfd8 19. a5 b5 20. h4 f6 21. h5 g5 22. cxb5 cxb5 23. a6 Bf8 24. Qe2 Bc5 25. Rad1 Rxd1 26. Rxd1 Rxd1+ 27. Qxd1 Qxe4 28. Qd8+ Kf7 29. Qc7+ Be7 30. Qxa7 Qxc2 31. Qb7 e4 32. a7 exf3 33. a8Q fxg2 34. Kxg2 1-0